=LDR 00000nam 2200000 4500 =001 INLIS000000000045481 =005 20251219095542 =035 ##$$a 0010-021500000000041 =008 251219###########################0#ind## =020 ##$$a 978-602-8356-18-3 =040 ##$$a NBPDMAT =082 ##$$a 028.5 =090 ##$$a 028.5 $bDop s =100 ##$$a Do Pictures =245 1#$$a Seri aku tahu : $b mengapa radio bisa berbunyi /$c penyusun Do Pictures =260 ##$$a Jakarta :$b Mobi Edumedia,$c 2013 =300 ##$$a 24 hlm. : $b ilus. ; $c 21 cm. =650 #4$$a Bacaan kanak-kanak =084 ##$$a 028.5 DOP s =990 ##$$a 21420062 =990 ##$$a 21420064 =990 ##$$a 21420065 =990 ##$$a 21420066 =990 ##$$a 21420062 =990 ##$$a 21420064 =990 ##$$a 21420065 =990 ##$$a 21420066